[Event "IECG C3.2000.0.00139"]
[Site "IECG email"]
[Date "2000.05.14"]
[Round "?"]
[White "Nett, Philipp"]
[Black "Hrubant, Petr"]
[Result "1-0"]
[WhiteElo "1088"]
[BlackElo "1202"]
[PlyCount "49"]
[EventDate "2000.05.14"]
[EventType "tourn (corr)"]
[EventRounds "6"]
[SourceTitle "Corr 2008"]
[Source "ChessBase"]
[SourceDate "2008.06.24"]
[SourceVersion "1"]
[SourceVersionDate "2008.06.24"]
[SourceQuality "1"]

1. d4 d5 2. c4 c6 3. e3 e6 4. Nf3 Nf6 5. Bd3 Bd6 6. 0-0 b6 7. b3 Ba6 8. Ba3 Bxa3 9. Nxa3 Qd6 10. Nb1 0-0 11. Nc3 dxc4 12. bxc4 c5 13. Nb5 Bxb5 14. dxc5 Qe7 15. cxb5 bxc5 16. Ne5 Rc8 17. Qf3 Nbd7 18. Nc6 Qe8 19. Rfd1 e5 20. Bf5 Rc7 21. a4 Kh8 22. Bxd7 Nxd7 23. Rd6 a6 24. Rad1 f6 25. b6 1-0

[Event "IECG C3.2000.0.00139"]
[Site "IECG email"]
[Date "2000.05.14"]
[Round "?"]
[White "Vasquez Nigro, Dario Javier"]
[Black "Hrubant, Petr"]
[Result "1-0"]
[WhiteElo "1000"]
[BlackElo "1202"]
[PlyCount "65"]
[EventDate "2000.05.14"]
[EventType "tourn (corr)"]
[EventRounds "6"]
[SourceTitle "Corr 2008"]
[Source "ChessBase"]
[SourceDate "2008.06.24"]
[SourceVersion "1"]
[SourceVersionDate "2008.06.24"]
[SourceQuality "1"]

1. e4 e5 2. Nf3 Nc6 3. Bb5 Bc5 4. c3 Nf6 5. d3 Qe7 6. 0-0 a6 7. Ba4 b5 8. Bc2 d5 9. exd5 Nxd5 10. Re1 Be6 11. Nbd2 f6 12. d4 exd4 13. Nb3 Ba7 14. Nbxd4 Nxd4 15. Nxd4 Bxd4 16. Qxd4 c5 17. Qh4 Ra7 18. Bd2 Kf7 19. a4 h5 20. Qg3 g5 21. Bf5 Nc7 22. Rxe6 Nxe6 23. Re1 Qc7 24. Bxe6+ Kg7 25. f4 Qd6 26. fxg5 Qxg3 27. hxg3 Re7 28. gxf6+ Kxf6 29. Bb3 Rxe1+ 30. Bxe1 c4 31. Bc2 Re8 32. Kf2 Rd8 33. axb5 1-0

[Event "IECG CP.1999.P.00073"]
[Site "IECG email"]
[Date "1999.10.01"]
[Round "?"]
[White "Hrubant, Petr"]
[Black "Leiros Vila, Avelino"]
[Result "1/2-1/2"]
[WhiteElo "1166"]
[BlackElo "2175"]
[PlyCount "63"]
[EventDate "1999.10.01"]
[EventType "tourn (corr)"]
[EventRounds "6"]
[EventCountry "CAN"]
[SourceTitle "Corr 2008"]
[Source "ChessBase"]
[SourceDate "2008.06.24"]
[SourceVersion "1"]
[SourceVersionDate "2008.06.24"]
[SourceQuality "1"]

1. e4 c5 2. Nc3 Nc6 3. Nf3 e5 4. Bc4 d6 5. 0-0 Be7 6. d3 Nf6 7. Nd5 0-0 8. c3 Nxd5 9. Bxd5 Be6 10. Be3 Bf6 11. a3 Ne7 12. Bxe6 fxe6 13. b4 b6 14. bxc5 bxc5 15. Rb1 Qc7 16. Qc2 Rab8 17. Rxb8 Rxb8 18. Rb1 Ng6 19. Rxb8+ Qxb8 20. h3 Qb7 21. Qa2 Kf7 22. Kh2 Ne7 23. Qc4 Qb2 24. Qa6 Qb6 25. Qa4 Nc6 26. Ng5+ Bxg5 27. Bxg5 a6 28. Qc2 h6 29. Be3 Na5 30. Kg3 Qb3 31. Qxb3 Nxb3 32. f4 1/2-1/2

[Event "IECG CP.1999.P.00073"]
[Site "IECG email"]
[Date "1999.10.01"]
[Round "?"]
[White "Klett, Harald"]
[Black "Hrubant, Petr"]
[Result "0-1"]
[WhiteElo "1800"]
[BlackElo "1166"]
[PlyCount "61"]
[EventDate "1999.10.01"]
[EventType "tourn (corr)"]
[EventRounds "6"]
[EventCountry "CAN"]
[SourceTitle "Corr 2008"]
[Source "ChessBase"]
[SourceDate "2008.06.24"]
[SourceVersion "1"]
[SourceVersionDate "2008.06.24"]
[SourceQuality "1"]

1. e4 e5 2. Nf3 Nc6 3. Bb5 Nf6 4. 0-0 Bc5 5. c3 Bb6 6. d3 d6 7. a4 a6 8. Bxc6+ bxc6 9. b4 0-0 10. Bg5 a5 11. b5 cxb5 12. axb5 h6 13. Bh4 g5 14. Nxg5 hxg5 15. Bxg5 Kg7 16. d4 Bb7 17. dxe5 dxe5 18. Qf3 a4 19. Rd1 Qe7 20. Rd3 Rfd8 21. Rxd8 Qxd8 22. Nd2 Qd6 23. Bh4 Qe6 24. Bxf6+ Qxf6 25. Qg3+ Kf8 26. c4 c6 27. Qa3+ Kg8 28. c5 Ba5 29. bxc6 Bxc6 30. Nc4 Bxe4 31. g3 0-1

[Event "IECG WC.2002.P.00002 email"]
[Site "IECG email"]
[Date "1999.??.??"]
[Round "?"]
[White "Hassim, Unes"]
[Black "Hrubant, Petr"]
[Result "1-0"]
[WhiteElo "2231"]
[BlackElo "800"]
[PlyCount "39"]
[EventDate "1999.02.21"]
[EventType "tourn (corr)"]
[EventRounds "10"]
[SourceTitle "Corr 2008"]
[Source "ChessBase"]
[SourceDate "2008.06.24"]
[SourceVersion "1"]
[SourceVersionDate "2008.06.24"]
[SourceQuality "1"]

1. e4 e5 2. Nf3 Nc6 3. d4 exd4 4. Nxd4 Qh4 5. Nb5 Qxe4+ 6. Be2 Kd8 7. 0-0 Nf6 8. N1c3 Qh4 9. g3 Qb4 10. Bg5 Ne7 11. a3 Qa5 12. Bf4 Ne8 13. Nd5 Nxd5 14. Qxd5 d6 15. b4 Qa4 16. Rfe1 Be7 17. Nxd6 Nxd6 18. Bxd6 Bxd6 19. Bb5 Qxb5 20. Qxb5 1-0

[Event "IECG WC.2002.P.00002 email"]
[Site "IECG email"]
[Date "1999.??.??"]
[Round "?"]
[White "Hrubant, Petr"]
[Black "Rensen, Martin"]
[Result "0-1"]
[WhiteElo "800"]
[BlackElo "2145"]
[PlyCount "82"]
[EventDate "1999.02.21"]
[EventType "tourn (corr)"]
[EventRounds "10"]
[SourceTitle "Corr 2008"]
[Source "ChessBase"]
[SourceDate "2008.06.24"]
[SourceVersion "1"]
[SourceVersionDate "2008.06.24"]
[SourceQuality "1"]

1. e4 c5 2. Nf3 d6 3. d4 cxd4 4. Nxd4 Nf6 5. Nc3 a6 6. Be2 e6 7. 0-0 Be7 8. Be3 0-0 9. a3 Qc7 10. Qd2 b6 11. f4 Bb7 12. Bf3 Nbd7 13. f5 e5 14. Nde2 b5 15. Rad1 Nb6 16. b3 Rfd8 17. Bxb6 Qxb6+ 18. Kh1 d5 19. exd5 Bxa3 20. Qg5 Rac8 21. Ne4 Be7 22. Nxf6+ Bxf6 23. Qd2 b4 24. Rfe1 Bh4 25. g3 Bf6 26. Be4 Rc5 27. Qe3 Qc7 28. Qf3 Rxc2 29. Bxc2 Qxc2 30. Kg1 Bg5 31. Rd3 Qc5+ 32. Qf2 Qb5 33. Red1 Rxd5 34. Rxd5 Bxd5 35. Kf1 Qb7 36. Qc5 Bxb3 37. Rd3 Ba4 38. Qxe5 Qh1+ 39. Ng1 h6 40. Qd5 Qxd5 41. Rxd5 b3 0-1

[Event "IECG CN.1998.0.00063"]
[Site "IECG email"]
[Date "1998.04.25"]
[Round "?"]
[White "Grabowski, Tomasz"]
[Black "Hrubant, Petr"]
[Result "0-1"]
[WhiteElo "800"]
[BlackElo "800"]
[PlyCount "130"]
[EventDate "1998.04.25"]
[EventType "tourn (corr)"]
[EventRounds "6"]
[SourceTitle "Corr 2008"]
[Source "ChessBase"]
[SourceDate "2008.06.24"]
[SourceVersion "1"]
[SourceVersionDate "2008.06.24"]
[SourceQuality "1"]

1. e4 e5 2. Nf3 Nc6 3. Bc4 Nf6 4. d4 exd4 5. 0-0 Nxe4 6. Re1 d5 7. Bxd5 Qxd5 8. Nc3 Qh5 9. Nxe4 Be6 10. Nxd4 Qxd1 11. Rxd1 Nxd4 12. Rxd4 Be7 13. Bf4 0-0 14. b3 c5 15. Rd3 Rad8 16. Bd6 Bxd6 17. Nxd6 Rd7 18. f4 g6 19. Rad1 b6 20. a3 Rfd8 21. b4 cxb4 22. axb4 Kf8 23. Kf2 Ke7 24. Nb5 Rxd3 25. Rxd3 Rxd3 26. cxd3 a5 27. bxa5 bxa5 28. Ke3 Kd7 29. Kd4 Kc6 30. Na3 f6 31. h3 h5 32. h4 a4 33. Nc2 Kb5 34. Kc3 Bd5 35. g3 Bg8 36. d4 Bb3 37. Na3+ Kc6 38. Kd2 Be6 39. Kd3 f5 40. Kd2 Kd5 41. Ke3 Bc8 42. Kd3 Ba6+ 43. Ke3 Bf1 44. Nb1 Kc4 45. d5 Bg2 46. d6 Bc6 47. Kd2 Kc5 48. Kc3 Kxd6 49. Kc4 Bd5+ 50. Kb4 Bb3 51. Nd2 Kd5 52. Kc3 Kc5 53. Nb1 Ba2 54. Na3 Bd5 55. Nb1 Bf3 56. Na3 Be2 57. Nb1 Kd5 58. Nd2 a3 59. Kb3 Kd4 60. Kxa3 Ke3 61. Nb3 Kf2 62. Nd4 Bg4 63. Ne6 Kxg3 64. Nf8 Kxh4 65. Nxg6+ Kg3 0-1

[Event "IECG CN.1998.0.00063"]
[Site "IECG email"]
[Date "1998.04.25"]
[Round "?"]
[White "Hrubant, Petr"]
[Black "Kriger, John"]
[Result "1-0"]
[WhiteElo "800"]
[BlackElo "800"]
[PlyCount "95"]
[EventDate "1998.04.25"]
[EventType "tourn (corr)"]
[EventRounds "6"]
[SourceTitle "Corr 2008"]
[Source "ChessBase"]
[SourceDate "2008.06.24"]
[SourceVersion "1"]
[SourceVersionDate "2008.06.24"]
[SourceQuality "1"]

1. e4 c5 2. Nf3 d6 3. Bb5+ Bd7 4. Bc4 e5 5. Nc3 Be7 6. d3 Nf6 7. Ng5 0-0 8. 0-0 Be6 9. Bxe6 fxe6 10. Nxe6 Qd7 11. Nxf8 Kxf8 12. f4 Kg8 13. fxe5 dxe5 14. Be3 Nc6 15. Qd2 Nd4 16. Kh1 Rf8 17. Rad1 b5 18. Rf2 Ng4 19. Rxf8+ Bxf8 20. Bg1 Nf6 21. h3 b4 22. Ne2 Nf3 23. gxf3 Qxh3+ 24. Bh2 Qxf3+ 25. Kg1 Ng4 26. Rf1 Nxh2 27. Rf2 c4 28. Rxh2 cxd3 29. cxd3 Bc5+ 30. d4 Bb6 31. Qxb4 Bxd4+ 32. Nxd4 Qe3+ 33. Rf2 Qc1+ 34. Kg2 Qg5+ 35. Kf1 h6 36. Qb8+ Kh7 37. Nf3 Qc1+ 38. Kg2 Qf4 39. Qxe5 Qg4+ 40. Kh2 a5 41. Qf5+ Qxf5 42. exf5 h5 43. Rg2 a4 44. b3 axb3 45. a4 Kg8 46. a5 Kf7 47. a6 Kf6 48. a7 1-0